000 00697nam a2200229Ia 4500
003 OSt
005 20221007074157.0
006 a|||||r|||| 00| 0
007 ta
008 221006b |||||||| |||| 00| 0 eng d
024 _a15,856
037 _cTextual
040 _aFLL
_cFLL
_beng
041 _2eng
_aeng
082 _aX655:533.5,k,E:Z3, K7;1
100 _aBalekjian W. H.
_9692650
245 0 _aLegal aspects of foreign investment in the European economic community
260 _aManchester
_bManchester University Press U.S.A.
_c1967
300 _axxiv,356p
_ccm.
942 _hX655:533.5,k,E:Z3, K7;1
_cTEXL
_2CC
999 _c1151441
_d1151441